LEADER 00908nam0-22003131i-450 001 990002525110403321 005 20221010171855.0 010 $a0710206143 100 $a20000920d1987----km-y0itay50------ba 101 1 $aeng 102 $aGB 200 1 $aSpecification Analysis in the Linear Model$fMaxwell L. King$gDavid E. A. Giles. 210 $aLondon$cRoutledge$d1987. 215 $aIX, 358 p.$d24 cm 300 $a<>libro è in onore di Donald Cochrane 610 0 $aRegressione, Modello lineare 676 $a330$v23$zeng 700 1$aKing,$bMaxwell L.$0102858 702 1$aGiles,$bDavid E. A. 801 0$aIT$bUNINA$gRICA$2UNIMARC 901 $aBK 912 $a990002525110403321 952 $aXIII-B-4$b389$fMAS 952 $aXV I 257$b3063*$fFGBC 959 $aMAS 959 $aFGBC 996 $aSpecification Analysis in the Linear Model$9439010 997 $aUNINA DB $aING01